|
|
|
|
| LEADER |
00000nam a22000007a 4500 |
| 005 |
2022081902292.0 |
| 007 |
cr|||| |||| |
| 008 |
220819s2020 pe |||||s|||| 00||0 spa d |
| 020 |
|
|
|a 9786123251307
|
| 035 |
|
|
|a 36901
|
| 040 |
|
|
|a vLex
|
| 090 |
|
|
|c 13761
|d 13761
|
| 100 |
1 |
|
|a Escobar Rozas, Freddy
|
| 245 |
1 |
0 |
|a Contratos
|h [Recurso electrn̤ico] :
|b Fundamentos econm̤icos, morales y legales /
|c Freddy Escobar Rozas
|
| 256 |
|
|
|a Servicio en ln̕ea
|
| 260 |
|
|
|a Lima:
|b Palestra Editores,
|c 2020
|
| 300 |
|
|
|a 1 recurso electrn̤ico
|
| 500 |
|
|
|a Este libro explora el Derecho Contractual a travš de la teora̕ econm̤ica y de la teora̕ moral (J. Bentham, J. S. Mill, I. Kant). El Capt̕ulo I describe los aspectos esenciales del razonamiento econm̤ico as ̕como la funcin̤ econm̤ica de los contratos. El Capt̕ulo II describe los aspectos fundamentales del razonamiento moral y desarrolla, con cierto detalle, el pensamiento de los autores de las principales escuelas de la filosofa̕ moral contemporǹea: utilitarismo y deontologismo. En base al discurso econm̤ico y moral desarrollado en los capt̕ulos previos, los Capt̕ulos III, IV y V analizan el sentido y los alcances de ciertas instituciones del Derecho Contractual. El Capt̕ulo III analiza las teora̕s que explican por qu ̌los contratos son legalmente vinculantes. El Capt̕ulo IV analiza la relacin̤ de tensin̤ existente entre los contratos y las normas legales. El Capt̕ulo V analiza los problemas que generan los riesgos que afectan a las dos etapas del iter contractual, as ̕como las respuestas competitivas que ofrecen el sistema legal y el sistema de mercado. Estos tres l︢timos capt̕ulos albergan reflexiones sobre los siguientes temas: (i) por qu ̌existe regulacin̤ legal en materia contractual; (ii) qu ̌lm̕ites debe observar esa regulacin̤; (iii) qu ̌respuestas normativas exigen los diversos riesgos que afectan a las partes cuando negocian o ejecutan un contrato; y, (iv) por qu ̌los mercados ofrecen respuestas ms̀ eficientes. Asimismo, estos tres l︢timos capt̕ulos ofrecen interpretaciones no convencionales de diversas normas contempladas en el Cd̤igo Civil. El props̤ito de esas interpretaciones no es otro que dotar de sentido econm̤ico o de sentido moral a las normas en cuestin̤.
|
| 506 |
1 |
|
|a Disponible solo en los productos indicados
|d vLex Global
|d vLex Global (Academic Edition, excluding Law Schools)
|d vLex Global (U.S. Academic Edition, Law Schools)
|d vLex Global (U.S. Academic Edition, excluding Law Schools)
|d vLex Global (Academic Edition, Law Schools)
|
| 650 |
0 |
4 |
|a Derecho Civil
|z Per︢
|
| 650 |
0 |
4 |
|a Procedimiento Civil
|z Per︢
|
| 740 |
0 |
|
|a vLex Libros (Servicio en ln̕ea)
|
| 856 |
4 |
0 |
|u https://app.vlex.com/#/sources/36901
|z Acceso restringido
|
| 942 |
|
|
|c BOOK
|
| 999 |
0 |
|
|a Civil Law
|
| 999 |
0 |
|
|a Civil Procedure
|